00498nam a2200193 a 4500001001300000003000900013005001700022008004100039020000800080082001800088100002300106245002100129260003000150300000900180500003500189505003400224650002300258700002300281nice12345678IN_TiNIC20260116011324.0050524s0000 dela grp 000 0 urd  ac100a297.1228bATE aAteeqi, M A Baseer aMojazaat-E-Quran aDelhibDarul Furqanc0000 a100p aincludes index and biblioraphy2 ascn book club study project.3 aQuran-Hermeneutics1 aAteeqi, M A Baseer